00225nam a2200073Ia 4500008004100000082000800041100001800049245008400067240331s9999 xx 000 0 und d bBAX aBaxamusa, R.M 0aAssistance for women's development from national agencies :bHousing Programmes